<?xml version="1.0" encoding="UTF-8"?>
<record
    xmlns:xsi="http://www.w3.org/2001/XMLSchema-instance"
    xsi:schemaLocation="http://www.loc.gov/MARC21/slim http://www.loc.gov/standards/marcxml/schema/MARC21slim.xsd"
    xmlns="http://www.loc.gov/MARC21/slim">

  <leader>01091cam a22002531  4500</leader>
  <controlfield tag="001">gs 21000442 </controlfield>
  <controlfield tag="003">DLC</controlfield>
  <controlfield tag="005">20260227111326.0</controlfield>
  <controlfield tag="008">891016s1921    ag af    b    000 0 spa  </controlfield>
  <datafield tag="010" ind1=" " ind2=" ">
    <subfield code="a">gs 21000442 </subfield>
  </datafield>
  <datafield tag="035" ind1=" " ind2=" ">
    <subfield code="a">(OCoLC)20496202</subfield>
  </datafield>
  <datafield tag="040" ind1=" " ind2=" ">
    <subfield code="a">DLC</subfield>
    <subfield code="c">CU</subfield>
    <subfield code="d">CU</subfield>
    <subfield code="d">DLC</subfield>
  </datafield>
  <datafield tag="042" ind1=" " ind2=" ">
    <subfield code="a">premarc</subfield>
  </datafield>
  <datafield tag="050" ind1="0" ind2="0">
    <subfield code="a">QE231</subfield>
    <subfield code="b">.A28 no. 25</subfield>
  </datafield>
  <datafield tag="100" ind1="1" ind2=" ">
    <subfield code="a">Wichmann, Richard,</subfield>
    <subfield code="d">1881-1930.</subfield>
  </datafield>
  <datafield tag="245" ind1="0" ind2="0">
    <subfield code="a">Estudio geol&#xF3;gico de la zona de reserva de la explotaci&#xF3;n nacional de petr&#xF3;leo en comodoro Rivadavia (Territorio nacional del Chubut)</subfield>
    <subfield code="c">por el doctor Ricardo Wichmann.</subfield>
  </datafield>
  <datafield tag="260" ind1=" " ind2=" ">
    <subfield code="a">Buenos Aires,</subfield>
    <subfield code="b">Talleres gr&#xE1;ficos del Ministerio de agricultura de la naci&#xF3;n,</subfield>
    <subfield code="c">1921.</subfield>
  </datafield>
  <datafield tag="300" ind1=" " ind2=" ">
    <subfield code="a">1 p. l., 18, [1] p.</subfield>
    <subfield code="b">3 fold. pl. (diagrs.)</subfield>
    <subfield code="c">27 cm.</subfield>
  </datafield>
  <datafield tag="410" ind1="1" ind2="0">
    <subfield code="a">Argentina.</subfield>
    <subfield code="b">Direcci&#xF3;n General de Minas y Geolog&#xED;a.</subfield>
    <subfield code="t">Boletin</subfield>
    <subfield code="v">no. 25. Ser. B (Geologia)</subfield>
  </datafield>
  <datafield tag="500" ind1=" " ind2=" ">
    <subfield code="a">At head of title: Ministerio de agricultura de la naci&#xF3;n. Direcci&#xF3;n general de minas, geolog&#xED;a e hidrolog&#xED;a.</subfield>
  </datafield>
  <datafield tag="504" ind1=" " ind2=" ">
    <subfield code="a">"Bibliografia": 1 p. after p. 18.</subfield>
  </datafield>
  <datafield tag="650" ind1=" " ind2="0">
    <subfield code="a">Geology</subfield>
    <subfield code="z">Argentina.</subfield>
  </datafield>
  <datafield tag="650" ind1=" " ind2="0">
    <subfield code="a">Petrology</subfield>
    <subfield code="z">Argentina.</subfield>
  </datafield>
  <datafield tag="999" ind1=" " ind2=" ">
    <subfield code="c">26136</subfield>
    <subfield code="d">26136</subfield>
  </datafield>
</record>
